000 00776nam a2200229Ia 4500
001 9692
003 GE_BSU
008 181216s||||||||xx |||||||||||||| ||und||
040 _cGE_BSU
080 _a82-93:821.353.1-32
100 _aნაკაშიძე,ნინო
245 _aუღუ და თეთ
245 _bმოთხრობები სასკოლო ასაკის ბავშვებისათვის
245 _cრედ.ლ.ჭიჭინაძე.მხატვ.შ.დოლიძე
260 _aთბილისი
260 _bნაკადული
260 _c1967
300 _a107გვ.17სმ.ილ.
653 _aმოთხრობები
653 _aუღუ და თეთ
942 _cBK
999 _c42975
_d42975